01180nam a2200289Ia 4500001000700000003000500007008004100012010001100053040000900064090001700073100004100090245017600131260004100307300001100348502007600359650003100435650003600466700004100502901001700543902000600560910000900566942000600575942000600581999001900587952014200606952014200748Z_1832CHAP220113s1997 xx 000 0 und d a164926 cCHAP aTesis D 1244 aDávalos Escalera, Juventino933083 aAnálisis de rentabilidad y parámetros técnicos de las empresas porcinas en el estado de Veracruz /cpor Juventino Dávalos Escalera y Dagoberto Bautista Jonguitud aChapingo, Méx. :bEl autor,c1997 a119 h. aTesis (Ing. Agr. Esp. en Zootecnia) -- UACH. Departamento de Zootecnia aEmpresas porcinas 9138878 aGanado porcinoxVeracruz945416 aBautista Jonguitud, Dagoberto910925 aTESIS D 1244 aM a1997 c2 c2 c164926d164926 00102local4051708TESISaZbZd2005-11-09eEl autorl0oTesis D38 1244 1997p5101001932r2022-01-18 00:00:00tEj.1w2022-01-18yTESIS 00102local4055708TESISaZbZd2005-11-09eEl autorl0oTesis D38 1244 1997p5101001933r2022-01-18 00:00:00tEj.2w2022-01-18yTESIS